Statistics for Largest Island by Country

Click here to take the quiz!

General Stats

  • This quiz has been taken 54 times
  • The average score is 26 of 43

Answer Stats

CountryIsland% Correct
MalaysiaBorneo
98%
BruneiBorneo
98%
ItalySicily
98%
AustraliaTasmania
96%
JapanHonshu
94%
IndonesiaNew Guinea
94%
Papua New GuineaNew Guinea
94%
New ZealandSouth
94%
CanadaBaffin
90%
United KingdomGreat Britain
90%
HaitiHispaniola
90%
Dominican RepublicHispaniola
90%
PhilippinesLuzon
90%
Trinidad and TobagoTrinidad
88%
GreeceCrete
85%
SpainMajorca
77%
ChinaHainan
75%
DenmarkGreenland
71%
Sri LankaSri Lanka
71%
United StatesHawaii
67%
ArgentinaTierra del Fuego
63%
ChileTierra del Fuego
63%
IrelandIreland
58%
CubaCuba
54%
JamaicaJamaica
54%
MadagascarMadagascar
54%
IcelandIceland
52%
TaiwanTaiwan
48%
CyprusCyprus
46%
RussiaSakhalin
46%
SwedenGotland
44%
YemenSocotra
44%
FranceNew Caledonia (Grande Terre)
42%
NorwaySpitsbergen
31%
BrazilMarajó
23%
FijiViti Levu
23%
EstoniaSaaremaa
21%
Solomon IslandsGuadalcanal
17%
ANTARCTICAlexander
8%
VanuatuEspiritu Santo
8%
EcuadorIsabela
6%
BahamasNorth Andros
4%
IndiaNorth Andaman
2%

Score Distribution

Percentile by Number Answered

Percent of People with Each Score

Your Score History

You have not taken this quiz